Tarnation /

Guardat en:
Dades bibliogràfiques
Autors principals: Califra, John (Compositor), Lichtenstein, Max Avery (Compositor)
Altres autors: Caouette, Jonathan (Director), Leblanc, Renee (Actor), Davis, Adolph (Actor), Davis, Rosemary (Actor), Sanin, David (Actor)
Format: Diapositiva
Idioma:anglès
Publicat: [Campi Bisenzio! : Dolmen home video, [2006!
Col·lecció:Queer
Etiquetes: Afegir etiqueta
Sense etiquetes, Sigues el primer a etiquetar aquest registre!

MARC

LEADER 00000ngm a22000007i 4500
001 IT\ICCU\UBO\3050077
003 ItRI
005 20260124182923.0
008 060913s2006 it |||||||||||||||k|||||c
024 3 1 |a 8032700995388 
028 4 2 |a PSV9299 
040 |b ita 
041 7 |a eng  |2 ISO-639-2 
082 |a 791.43  |9 CINEMA  |2 19 
130 0 |a Tarnation <documentario ; 2003>  |3 IT\ICCU\RAV\1425286 
245 0 0 |a Tarnation /  |c un film di Jonathan Caouette ; colonna sonora originale John Califra ; musica originale Max Avery Lichtenstein. 
260 |a [Campi Bisenzio! :  |b Dolmen home video,  |c [2006! 
300 |a 1 DVD video (91 min.) ;  |c in contenitore, 19 cm 
500 |a Codice area: 2; PAL; 4/3, 1.33:1; doppio strato; Dolby digital 2.0; color 
500 |a Tit. del contenitore 
500 |a Data di pubblicazione da catalogo commerciale on-line 
500 |a Produzione cinematografica USA 2003 
500 |a Interpreti: Jonathan Caouette, Renee Leblanc, Adolph Davis, Rosemary Davis 
500 |a Lingue: inglese; sottotitoli: italiano 
500 |a Contenuti extra: trailer originale sottotitolato 
500 |a Vietato ai minori di 14 anni. 
700 1 |a Caouette, Jonathan  |0 IT\ICCU\RAVV\462371  |4 drt 
700 1 |a Leblanc, Renee  |0 IT\ICCU\RAVV\462372  |4 act 
700 1 |a Davis, Adolph  |0 IT\ICCU\RAVV\462373  |4 act 
700 1 |a Davis, Rosemary  |0 IT\ICCU\RAVV\462374  |4 act 
700 1 |a Califra, John  |0 IT\ICCU\RAVV\462375  |4 cmp 
700 1 |a Lichtenstein, Max Avery  |0 IT\ICCU\RAVV\462376  |4 cmp 
700 1 |a Sanin, David  |0 IT\ICCU\VEAV\462276  |4 act 
830 0 |a Queer  |0 IT\ICCU\UBO\2667501 
942 |2 ddc  |c VM  |n 0 
952 |0 0  |1 0  |4 0  |6 VO_1323_000000000000000  |7 0  |9 28071  |a BO  |b BO  |d 2026-01-24  |i 10300  |l 0  |o VO 1323  |p BO10300  |r 2026-01-24 18:29:23  |w 2026-01-24  |x [Sebina 5] [1 DVD]  |y VM  |z 1 DVD 
952 |0 0  |1 0  |4 0  |6 VO_2270_000000000000000  |7 0  |9 28072  |a BO  |b BO  |d 2026-01-24  |i 18504  |l 0  |o VO 2270  |p BO18504  |r 2026-01-24 18:29:23  |w 2026-01-24  |x [Sebina 5] [1 dvd]  |y VM  |z 1 dvd 
952 |0 0  |1 0  |4 0  |6 VO_1338_000000000000000  |7 0  |9 28073  |a BO  |b BO  |d 2026-01-24  |i 10386  |l 0  |o VO 1338  |p BO10386  |r 2026-01-24 18:29:23  |w 2026-01-24  |x [Sebina 5] [1 DVD]  |y VM  |z 1 DVD 
981 1 |6 z01  |a b   |b xa2e  
982 1 |6 z01  |a g 
999 |c 23795  |d 23795